000 00689nam a2200205Ii 4500
003 JO-AjNU
008 230605s9999||||xx |||||||||||||| ||und||
040 _aJO-AjNU
_bara
_erda
_cJO-AjNU
041 _aara
050 1 4 _aK3165.2007
100 3 _a أبو زيد ، محمد عبد الحميد ,
_eauthor
_932435
245 0 0 _aالوسيط فى القانون الدستورى " دراسة مقارنة "
250 _a(د،ط)
264 3 1 _aالقاهرة : دار النهضة العربية ، 2007
300 _a601ص
336 _atext
_btxt
_2rdacontent
337 _aunmediated
_bn
_2rdamedia
338 _avolume
_bnc
_2rdacarrier
650 4 _aقانون دستوري
_932436
999 _aA13094
_c16662
_d16662